| 000 | 00454nam a2200157Ia 4500 | ||
|---|---|---|---|
| 008 | 220204s9999 xx 000 0 und d | ||
| 020 | _a818189197X | ||
| 082 |
_a631S _bMAD |
||
| 100 | _aMadhu, M | ||
| 245 | 0 | _aNatural resource management for eco-development and livelihood security | |
| 260 |
_aLucknow _bInternational Book Distributing |
||
| 650 | _aLand use potentials | ||
| 650 | _aSoil resources | ||
| 650 | _aWatershed management | ||
| 942 | _cBK | ||
| 999 |
_c42730 _d42730 |
||